Normal view
MARC view
- Qurashi, Muhammad Siddiq
Entry Personal Name
001 - CONTROL NUMBER
- control field: 74643
003 - CONTROL NUMBER IDENTIFIER
- control field: NUST
005 - DATE AND TIME OF LATEST TRANSACTION
- control field: 20210628205248.0
008 - FIXED-LENGTH DATA ELEMENTS
- fixed length control field: 210628|| aca||aabn | a|a d
040 ## - CATALOGING SOURCE
- Original cataloging agency: NUST
- Transcribing agency: NUST
100 ## - HEADING--PERSONAL NAME
- Personal name: Qurashi, Muhammad Siddiq
670 ## - SOURCE DATA FOUND
- Source citation: Work cat.: (NUST): Qurashi, Muhammad Siddiq, Rasool-a-akram key siasat-a-kharja, 1987
